REPO-obchody

Podstata REPO-obchodov. Vyhodnotenie REPO-obchodov v SR. Druhy REPO-obchodov: klasické REPO, sell-and-buy-back, požičiavanie cenných papierov. Výhody a nevýhody REPO-obchodov.

Na minha lista:
Detalhes bibliográficos
Autor principal: Ciglan, Dalibor
Formato: Capítulo de Livro
Idioma:eslovaco
Assuntos:
Tags: Adicionar Tag
Sem tags, seja o primeiro a adicionar uma tag!

MARC

LEADER 00000naa a2200000 4500
001 r038069
005 20221129113513.8
041 0 |a slo 
044 |a SK 
245 1 0 |a REPO-obchody  |c Dalibor Ciglan 
520 |a Podstata REPO-obchodov. Vyhodnotenie REPO-obchodov v SR. Druhy REPO-obchodov: klasické REPO, sell-and-buy-back, požičiavanie cenných papierov. Výhody a nevýhody REPO-obchodov. 
610 2 0 |a repo obchody 
610 2 0 |a pojmy 
610 2 0 |a Slovensko 
610 2 0 |a papiere cenné 
100 1 |a Ciglan, Dalibor